000 01031nam a2200265Ia 4500
003 OSt
005 20220923214158.0
006 a|||||r|||| 00| 0
007 ta
008 220922b |||||||| |||| 00| 0 hin d
024 _a167,724
037 _cTextual
040 _aARTS
_cARTS
_bhin
041 _2hin
_ahin
082 _aO152,1KCA,1, K7
100 _aचतुर्भुज दास
_9156358
245 0 _aसचित्र मधुमालती कथा, संपा फतह सिंह
246 _aSachitra madhumālatī kathā, sanpā0 fatah sianha
260 _aजोधपुर
_b राजस्थान प्राच्य विद्या प्रतिष्ठान
_c1967
300 _a242पृ.
_ccm.
490 _aराजस्थान पुरातन गं्रथमाला; 87
650 _aहिन्दी साहित्य
_9156264
942 _hO152,1KCA,1, K7
_cTEXL
_2CC
999 _c322194
_d322194